[Event "Norway Chess op-B"]
[Site "Stavanger"]
[Date "2025.05.27"]
[Round "9"]
[White "Ayaan, Arora"]
[Black "Schaefer, Lutz Wilhelm"]
[Result "1-0"]
[WhiteElo "1684"]
[BlackElo "1875"]
[PlyCount "59"]
[EventDate "2025.05.27"]
[EventType "swiss"]
[EventRounds "9"]
[EventCountry "NOR"]
[SourceTitle "CB23_2025"]
[SourceDate "2025.06.04"]
[SourceVersion "1"]
[SourceVersionDate "2025.06.04"]
[SourceQuality "1"]

1. e4 g6 2. d4 Bg7 3. Nc3 d6 4. Be3 c6 5. Qd2 a6 6. 0-0-0 b5 7. h4 h5 8. f3 Bd7 9. Be2 Qc8 10. Nh3 b4 11. Na4 Qb7 12. Bc4 Nf6 13. Bb3 a5 14. Nf4 Qb5 15. Rhe1 Na6 16. e5 Nd5 17. Nxd5 cxd5 18. exd6 e6 19. Bf4 Rc8 20. Kb1 f6 21. Qd3 Qxd3 22. cxd3 Rd8 23. Nb6 0-0 24. Nxd7 Rxd7 25. Rxe6 Nb8 26. Bxd5 Kh8 27. Rde1 Rfd8 28. Re8+ Kh7 29. Bg8+ Kh8 30. Bb3+ 1-0

[Event "Norway Chess op-B"]
[Site "Stavanger"]
[Date "2025.05.27"]
[Round "5"]
[White "Juhlin, Sindre Birkeland"]
[Black "Schaefer, Lutz Wilhelm"]
[Result "1/2-1/2"]
[WhiteElo "1714"]
[BlackElo "1875"]
[PlyCount "117"]
[EventDate "2025.05.27"]
[EventType "swiss"]
[EventRounds "9"]
[EventCountry "NOR"]
[SourceTitle "CB23_2025"]
[SourceDate "2025.06.04"]
[SourceVersion "1"]
[SourceVersionDate "2025.06.04"]
[SourceQuality "1"]

1. a3 g6 2. e3 Bg7 3. d4 d6 4. Nf3 Nf6 5. Be2 Bf5 6. 0-0 0-0 7. Nbd2 Qc8 8. Bd3 Nc6 9. Bxf5 Qxf5 10. c3 Qd3 11. Nb3 Qb5 12. Qc2 Qh5 13. Nbd2 a5 14. Ne4 Nxe4 15. Qxe4 e5 16. Qh4 Qxh4 17. Nxh4 a4 18. Nf3 Ra6 19. dxe5 Nxe5 20. Nxe5 Bxe5 21. e4 Rb6 22. Bh6 Bg7 23. Bxg7 Kxg7 24. Ra2 Re8 25. f3 Re5 26. Rd1 Reb5 27. Rd2 Kf6 28. Kf2 Ke5 29. Ke3 g5 30. g3 d5 31. f4+ gxf4+ 32. gxf4+ Ke6 33. e5 Kf5 34. Kf3 Rg6 35. Rd4 Rg1 36. Rxa4 c5 37. b4 Rf1+ 38. Rf2 Rxf2+ 39. Kxf2 cxb4 40. axb4 Kxf4 41. Ra8 Kxe5 42. Rh8 d4 43. Rxh7 dxc3 44. Rh5+ f5 45. Rh4 Kd5 46. Ke3 Rb6 47. Kd3 Rc6 48. Kc2 Rc4 49. Rh7 f4 50. Rxb7 f3 51. Rf7 Ke4 52. b5 Ke3 53. b6 Rb4 54. b7 f2 55. Re7+ Kf3 56. Kxc3 Rb6 57. Rf7+ Kg2 58. Rg7+ Kxh2 59. Rh7+ 1/2-1/2

[Event "Norway Chess op-B"]
[Site "Stavanger"]
[Date "2025.05.27"]
[Round "8"]
[White "Schaefer, Lutz Wilhelm"]
[Black "Arulmaran, Abishan"]
[Result "0-1"]
[WhiteElo "1875"]
[BlackElo "1874"]
[PlyCount "82"]
[EventDate "2025.05.27"]
[EventType "swiss"]
[EventRounds "9"]
[EventCountry "NOR"]
[SourceTitle "CB23_2025"]
[SourceDate "2025.06.04"]
[SourceVersion "1"]
[SourceVersionDate "2025.06.04"]
[SourceQuality "1"]

1. Nf3 c5 2. g3 g6 3. Bg2 Bg7 4. d3 Nc6 5. 0-0 d6 6. Nc3 Bd7 7. Re1 Qc8 8. e4 Bh3 9. Nh4 Bxg2 10. Kxg2 Nf6 11. f4 Qd7 12. Nd5 e6 13. Nxf6+ Bxf6 14. Nf3 0-0-0 15. c3 h5 16. h4 e5 17. Ng5 Bg7 18. Qb3 Rdf8 19. Rf1 Nd8 20. f5 f6 21. Nh3 gxf5 22. Rxf5 Nc6 23. Be3 Ne7 24. Rf3 f5 25. Ng5 Rf6 26. Raf1 f4 27. gxf4 Qg4+ 28. Rg3 Qe2+ 29. Rf2 Qxd3 30. Bxc5 Qa6 31. fxe5 Rxf2+ 32. Bxf2 dxe5 33. Qf7 Bf6 34. Ne6 Bxh4 35. Rg7 Qe2 36. Nc5 Qxb2 37. Qe6+ Kb8 38. Qxe5+ Ka8 39. Nd3 Qd2 40. Rg3 Rd8 41. Qa5 Nc6 0-1

[Event "Norway Chess op-B"]
[Site "Stavanger"]
[Date "2025.05.27"]
[Round "2"]
[White "Schaefer, Lutz Wilhelm"]
[Black "Stafseth, Bjarne"]
[Result "0-1"]
[WhiteElo "1875"]
[BlackElo "1688"]
[PlyCount "74"]
[EventDate "2025.05.27"]
[EventType "swiss"]
[EventRounds "9"]
[EventCountry "NOR"]
[SourceTitle "CB23_2025"]
[SourceDate "2025.06.04"]
[SourceVersion "1"]
[SourceVersionDate "2025.06.04"]
[SourceQuality "1"]

1. Nf3 Nc6 2. d4 d5 3. e3 Bf5 4. a3 e6 5. c4 Nf6 6. Nc3 Be7 7. Be2 a5 8. 0-0 h5 9. Qa4 Nd7 10. cxd5 Nb6 11. Qb3 exd5 12. Bb5 Qd6 13. Ne5 Rb8 14. e4 Bd7 15. Nxd7 Nxd7 16. e5 Qe6 17. Nxd5 Kd8 18. Bc4 Nxd4 19. Qd3 Qg4 20. Ne3 Nxe5 21. Nxg4 Nxd3 22. Rd1 hxg4 23. Rxd3 c5 24. Bxf7 Kc7 25. Bf4+ Bd6 26. Bxd6+ Kxd6 27. b4 axb4 28. axb4 b6 29. Re1 Kc6 30. Re7 Rbd8 31. Bg6 c4 32. Rde3 Kb5 33. f4 gxf3 34. gxf3 Kxb4 35. Rxg7 Rhg8 36. Ree7 Nxf3+ 37. Kg2 Nh4+ 0-1